[Event "Monza e Brianza Province-ch"]
[Site "Ceriano Laghetto"]
[Date "2015.01.20"]
[Round "1"]
[White "Canciani, Alberto"]
[Black "Lapiccirella, Daniele"]
[Result "0-1"]
[WhiteElo "1624"]
[BlackElo "2228"]
[PlyCount "64"]
[EventDate "2015.01.20"]
[EventType "swiss"]
[EventRounds "6"]
[EventCountry "ITA"]
[SourceTitle "EXT 2017"]
[Source "ChessBase"]
[SourceDate "2016.10.25"]
[SourceVersion "1"]
[SourceVersionDate "2016.10.25"]
[SourceQuality "1"]

1. e4 c5 2. f4 e6 3. Nf3 d5 4. e5 Nc6 5. Bb5 Bd7 6. a4 Nh6 7. 0-0 Nf5 8. g4 Nh4 9. c3 h5 10. g5 Nf5 11. Bd3 g6 12. Bxf5 exf5 13. h4 d4 14. b3 Be6 15. c4 d3 16. Nc3 a6 17. Bb2 Be7 18. Rb1 0-0 19. Kg2 Na7 20. Rf2 b5 21. axb5 axb5 22. cxb5 Qb6 23. Kg3 Nxb5 24. Ne1 Nd4 25. Nxd3 Bxb3 26. Qh1 Rfd8 27. Nc1 Bc2 28. Ra1 Rxa1 29. Bxa1 Qa7 30. Nd5 Rxd5 31. Qxd5 Qxa1 32. Ne2 Be4 0-1

[Event "Monza e Brianza Province-ch"]
[Site "Ceriano Laghetto"]
[Date "2014.02.11"]
[Round "4"]
[White "Canciani, Alberto"]
[Black "Ronconi, Fausto"]
[Result "0-1"]
[WhiteElo "1598"]
[BlackElo "1700"]
[PlyCount "26"]
[EventDate "2014.01.21"]
[EventType "swiss"]
[EventRounds "6"]
[EventCountry "ITA"]
[SourceTitle "EXT 2015"]
[Source "ChessBase"]
[SourceDate "2014.11.20"]
[SourceVersion "1"]
[SourceVersionDate "2014.11.20"]
[SourceQuality "1"]

1. e4 e6 2. Nf3 d5 3. e5 c5 4. Bb5+ Nc6 5. 0-0 Bd7 6. a4 a6 7. Be2 Qc7 8. d4 cxd4 9. Nxd4 Nxe5 10. Nc3 Bd6 11. f4 Nc6 12. g3 Nxd4 13. Qxd4 Bc5 0-1

[Event "Monza e Brianza Province-ch"]
[Site "Ceriano Laghetto"]
[Date "2014.02.04"]
[Round "3"]
[White "Canciani, Alberto"]
[Black "Squillante, Michele"]
[Result "1/2-1/2"]
[WhiteElo "1598"]
[BlackElo "1709"]
[PlyCount "66"]
[EventDate "2014.01.21"]
[EventType "swiss"]
[EventRounds "6"]
[EventCountry "ITA"]
[SourceTitle "EXT 2015"]
[Source "ChessBase"]
[SourceDate "2014.11.20"]
[SourceVersion "1"]
[SourceVersionDate "2014.11.20"]
[SourceQuality "1"]

1. e4 c6 2. c4 d5 3. e5 e6 4. d4 Bb4+ 5. Nc3 h6 6. Nf3 Ne7 7. a3 Bxc3+ 8. bxc3 Bd7 9. Bd2 0-0 10. Be2 dxc4 11. Bxc4 Nd5 12. Qc1 Ne7 13. Bd3 Nf5 14. g4 Nh4 15. Be2 f5 16. g5 Nxf3+ 17. Bxf3 hxg5 18. Bxg5 Qa5 19. h4 Be8 20. h5 Nd7 21. h6 g6 22. Kf1 Kh7 23. Be2 c5 24. Be7 Rf7 25. Bd6 Nf8 26. Bxc5 Rc8 27. Bb4 Qd5 28. Rg1 Bb5 29. Qg5 Bxe2+ 30. Kxe2 Qe4+ 31. Qe3 Qc2+ 32. Qd2 Qe4+ 33. Qe3 Qc2+ 1/2-1/2

[Event "Milan Befana op-B"]
[Site "Milan"]
[Date "2014.01.06"]
[Round "7"]
[White "Canciani, Alberto"]
[Black "Papa, Angelo"]
[Result "1-0"]
[WhiteElo "1598"]
[BlackElo "1760"]
[PlyCount "71"]
[EventDate "2014.01.02"]
[EventType "swiss"]
[EventRounds "7"]
[EventCountry "ITA"]
[SourceTitle "EXT 2015"]
[Source "ChessBase"]
[SourceDate "2014.11.20"]
[SourceVersion "1"]
[SourceVersionDate "2014.11.20"]
[SourceQuality "1"]

1. e4 g6 2. c4 Bg7 3. d4 d6 4. Nc3 Nf6 5. h3 0-0 6. Nf3 e5 7. d5 Nbd7 8. Be3 Nc5 9. Qc2 a5 10. Be2 b6 11. Nd2 Ne8 12. g4 f5 13. Bxc5 bxc5 14. 0-0-0 f4 15. Nf3 Nf6 16. a4 Bd7 17. Nb5 Qb8 18. Bd3 h6 19. g5 hxg5 20. Nxg5 Nh7 21. Nxh7 Kxh7 22. f3 Rh8 23. Qg2 Be8 24. Qg5 Bxb5 25. cxb5 Qf8 26. Rdg1 Qf6 27. Qg4 Bh6 28. b3 Kg7 29. Bf1 Kf7 30. h4 Rag8 31. Bh3 Ke7 32. Qd7+ Kf8 33. Be6 Qe7 34. Qc8+ Kg7 35. Bxg8 Rxg8 36. Rxg6+ 1-0

[Event "Lombardia Region-ch"]
[Site "Saronno"]
[Date "2013.05.25"]
[Round "2"]
[White "Pino, Nicola"]
[Black "Canciani, Alberto"]
[Result "0-1"]
[WhiteElo "1742"]
[BlackElo "1576"]
[PlyCount "100"]
[EventDate "2013.05.24"]
[EventType "swiss"]
[EventRounds "5"]
[EventCountry "ITA"]
[SourceTitle "EXT 2015"]
[Source "ChessBase"]
[SourceDate "2014.11.20"]
[SourceVersion "1"]
[SourceVersionDate "2014.11.20"]
[SourceQuality "1"]

1. e4 e6 2. d4 c5 3. c3 Qc7 4. Nf3 b6 5. Bd3 d6 6. Bf4 Nd7 7. 0-0 Bb7 8. Nbd2 Ngf6 9. Rc1 Be7 10. Qc2 h6 11. h3 g5 12. Bh2 Nh5 13. e5 Nf4 14. Be4 d5 15. Bd3 c4 16. Bxf4 cxd3 17. Qxd3 gxf4 18. Nh2 Nxe5 19. dxe5 Qxe5 20. Qb5+ Kf8 21. Ndf3 Qg7 22. Qd7 Rg8 23. Ne1 Ba6 24. Nhf3 Bxf1 25. Kxf1 Qf6 26. Qb7 Kg7 27. Rd1 Rgb8 28. Qa6 b5 29. Nd3 Rb6 30. Qa5 Rbb8 31. Qc7 Bd8 32. Qxf4 Qxf4 33. Nxf4 Bc7 34. Nd3 a5 35. Nd2 b4 36. Nb1 Bd8 37. cxb4 axb4 38. Nc1 Bf6 39. b3 Bb2 40. Nd3 Bc3 41. Nc1 Rd8 42. Nd2 Bb2 43. Nd3 Bc3 44. Nc1 e5 45. Ke2 e4 46. f3 f5 47. Rg1 Kf6 48. h4 Bd4 49. Rd1 Bb2 50. f4 Rac8 0-1

[Event "Ceriano Laghetto Winter op 4th"]
[Site "Ceriano Laghetto"]
[Date "2012.02.??"]
[Round "3"]
[White "Canciani, Alberto"]
[Black "Sala, Pierluigi"]
[Result "1-0"]
[WhiteElo "1585"]
[BlackElo "1454"]
[PlyCount "65"]
[EventDate "2012.02.??"]
[EventType "swiss"]
[EventRounds "6"]
[EventCountry "ITA"]
[SourceTitle "EXT 2024"]
[Source "ChessBase"]
[SourceDate "2023.10.10"]
[SourceVersion "1"]
[SourceVersionDate "2023.10.10"]
[SourceQuality "1"]

1. c4 c5 2. Nc3 Nf6 3. e4 Nc6 4. Nf3 d6 5. h3 e5 6. d3 Be7 7. g4 h6 8. Bg2 Nh7 9. Nd5 0-0 10. Nxe7+ Qxe7 11. 0-0 Be6 12. Nh2 g5 13. Be3 f6 14. Qd2 a5 15. Rfb1 Kg7 16. Nf1 Qe8 17. Ng3 Ne7 18. Nf5+ Bxf5 19. exf5 Nc6 20. Bd5 Qe7 21. Kg2 Nb4 22. Be6 Rfd8 23. a3 Nc6 24. Rh1 Nf8 25. Bd5 Nd4 26. Bxd4 exd4 27. h4 Ra7 28. hxg5 fxg5 29. Rae1 Qd7 30. f4 Nh7 31. Re6 b6 32. Rexh6 Rh8 33. fxg5 1-0

[Event "Lombardia Region-ch"]
[Site "Solaro"]
[Date "2011.05.28"]
[Round "3"]
[White "Aldeghi, Damiano"]
[Black "Canciani, Alberto"]
[Result "0-1"]
[WhiteElo "1416"]
[BlackElo "1587"]
[PlyCount "76"]
[EventDate "2011.05.27"]
[EventType "swiss"]
[EventRounds "5"]
[EventCountry "ITA"]
[SourceTitle "EXT 2023"]
[Source "ChessBase"]
[SourceDate "2022.10.05"]
[SourceVersion "1"]
[SourceVersionDate "2022.10.05"]
[SourceQuality "1"]

1. e4 e6 2. Nf3 c5 3. Bc4 Qc7 4. d4 a6 5. a4 b6 6. d5 e5 7. 0-0 d6 8. Bd2 h6 9. Nc3 Nf6 10. h3 Nbd7 11. Re1 g5 12. Qe2 Bg7 13. Nd1 a5 14. Qd3 Nh5 15. Ne3 Nf4 16. Qc3 0-0 17. Nf5 Nf6 18. Bxf4 Bxf5 19. Bxe5 dxe5 20. exf5 e4 21. Qe5 Qb7 22. Nd2 Rfe8 23. Qd6 Rad8 24. Qc6 Qxc6 25. dxc6 Rxd2 26. Bb5 Re7 27. Rad1 Rxd1 28. Rxd1 Rc7 29. c3 Kf8 30. b4 h5 31. bxa5 bxa5 32. Rd8+ Ke7 33. Ra8 Ne8 34. Rxa5 Bxc3 35. Ra6 g4 36. hxg4 hxg4 37. Kh2 Kf6 38. Kg3 Kxf5 0-1

[Event "Lombardia Region-ch"]
[Site "Solaro"]
[Date "2011.05.28"]
[Round "2"]
[White "Canciani, Alberto"]
[Black "Cervini, Gian Piero"]
[Result "0-1"]
[WhiteElo "1587"]
[BlackElo "1752"]
[PlyCount "56"]
[EventDate "2011.05.27"]
[EventType "swiss"]
[EventRounds "5"]
[EventCountry "ITA"]
[SourceTitle "EXT 2023"]
[Source "ChessBase"]
[SourceDate "2022.10.05"]
[SourceVersion "1"]
[SourceVersionDate "2022.10.05"]
[SourceQuality "1"]

1. c4 g6 2. Nc3 Bg7 3. e4 d6 4. d4 Nf6 5. h3 0-0 6. Nf3 Nbd7 7. Be3 c5 8. d5 Nb6 9. Qd2 Re8 10. Bd3 e6 11. 0-0-0 exd5 12. cxd5 Bd7 13. g4 Na4 14. Nxa4 Bxa4 15. b3 Bd7 16. Bg5 a5 17. Rhe1 a4 18. e5 dxe5 19. Nxe5 axb3 20. axb3 Qc7 21. Nxd7 Qxd7 22. Rxe8+ Nxe8 23. Bb1 Nd6 24. Re1 Nb5 25. Re7 Qd6 26. Qf4 Qxd5 27. Qc4 Qxg5+ 28. f4 Qxe7 0-1

[Event "Monza Province-ch"]
[Site "Ceriano Laghetto"]
[Date "2011.02.??"]
[Round "1"]
[White "Canciani, Alberto"]
[Black "Moroni, Luca Jr"]
[Result "0-1"]
[WhiteElo "1620"]
[BlackElo "1770"]
[PlyCount "73"]
[EventDate "2011.02.??"]
[EventType "swiss"]
[EventRounds "6"]
[EventCountry "ITA"]
[SourceTitle "EXT 2024"]
[Source "ChessBase"]
[SourceDate "2023.10.10"]
[SourceVersion "1"]
[SourceVersionDate "2023.10.10"]
[SourceQuality "1"]

1. c4 c5 2. Nc3 Nf6 3. e4 Nc6 4. Nf3 d6 5. h3 e6 6. d3 Be7 7. Be3 b6 8. Qd2 Bb7 9. Rd1 a6 10. g4 Qc7 11. Bg2 Rc8 12. 0-0 0-0 13. Qc1 Nd7 14. Ne2 Nde5 15. Nxe5 dxe5 16. f4 exf4 17. Nxf4 Bd6 18. Nh5 Be5 19. Bf4 Nd4 20. Ng3 b5 21. b3 Bxf4 22. Qxf4 Qxf4 23. Rxf4 bxc4 24. dxc4 e5 25. Rf2 g6 26. Ne2 Nc2 27. Nc3 Ne3 28. Rdd2 f5 29. Nd5 Bxd5 30. cxd5 f4 31. Bf3 Kf7 32. Rb2 Rb8 33. g5 a5 34. Bg4 a4 35. Be6+ Ke7 36. a3 Rxb3 37. Ra2 0-1

[Event "Modena Province-ch"]
[Site "Ceriano Laghetto"]
[Date "2010.02.??"]
[Round "6"]
[White "Canciani, Alberto"]
[Black "Boffi, Luigi"]
[Result "1-0"]
[WhiteElo "1461"]
[BlackElo "1600"]
[PlyCount "75"]
[EventDate "2010.02.02"]
[EventType "swiss"]
[EventRounds "6"]
[EventCountry "ITA"]
[SourceTitle "EXT 2024"]
[Source "ChessBase"]
[SourceDate "2023.10.10"]
[SourceVersion "1"]
[SourceVersionDate "2023.10.10"]
[SourceQuality "1"]

1. c4 g6 2. g3 Bg7 3. e3 Nf6 4. Bg2 0-0 5. Ne2 c6 6. Nbc3 b6 7. d4 Bb7 8. e4 d6 9. Bd2 Nbd7 10. f3 e6 11. g4 e5 12. d5 cxd5 13. cxd5 Nc5 14. Be3 Nfd7 15. Ng3 Ba6 16. Bf1 Bxf1 17. Kxf1 a6 18. h4 b5 19. Kg2 b4 20. Nce2 a5 21. Qd2 Rc8 22. h5 Nb6 23. b3 Qd7 24. Rac1 Qb5 25. Bh6 Nd3 26. Rxc8 Rxc8 27. hxg6 fxg6 28. Be3 Nd7 29. f4 N7c5 30. f5 a4 31. bxa4 Qxa4 32. fxg6 hxg6 33. Bh6 b3 34. axb3 Qb4 35. Qxb4 Nxb4 36. Bd2 Nbd3 37. b4 Nb3 38. Bc3 1-0

[Event "Como Province-ch"]
[Site "Villa Guardia"]
[Date "2010.01.31"]
[Round "6"]
[White "Gonella, Graziano"]
[Black "Canciani, Alberto"]
[Result "0-1"]
[WhiteElo "1332"]
[BlackElo "1461"]
[PlyCount "63"]
[EventDate "2010.01.23"]
[EventType "swiss"]
[EventRounds "6"]
[EventCountry "ITA"]
[SourceTitle "EXT 2024"]
[Source "ChessBase"]
[SourceDate "2023.10.10"]
[SourceVersion "1"]
[SourceVersionDate "2023.10.10"]
[SourceQuality "1"]

1. e4 e6 2. Nf3 c5 3. d4 Qc7 4. Be3 b6 5. c4 d6 6. Bd3 Nd7 7. 0-0 Bb7 8. Qc2 h6 9. Nbd2 g5 10. h3 Bg7 11. Rac1 Ne7 12. b3 Ng6 13. d5 e5 14. g3 Nf6 15. Be2 Bc8 16. Kg2 Bd7 17. Rh1 g4 18. hxg4 Nxg4 19. Qc3 0-0-0 20. Nf1 Nxe3+ 21. Qxe3 Rdf8 22. Rh5 Bg4 23. Rh2 Qd7 24. N1d2 f5 25. exf5 Bxf5 26. Rch1 e4 27. Nh4 Bd4 28. Nxg6 Bxg6 29. Qxh6 Rxf2+ 30. Kg1 Rxh2+ 31. Kxh2 Rxh6+ 32. Kg2 0-1

[Event "Como Province-ch"]
[Site "Villa Guardia"]
[Date "2010.01.30"]
[Round "5"]
[White "Canciani, Alberto"]
[Black "Minelli, Marco"]
[Result "1/2-1/2"]
[WhiteElo "1461"]
[BlackElo "1392"]
[PlyCount "154"]
[EventDate "2010.01.23"]
[EventType "swiss"]
[EventRounds "6"]
[EventCountry "ITA"]
[SourceTitle "EXT 2024"]
[Source "ChessBase"]
[SourceDate "2023.10.10"]
[SourceVersion "1"]
[SourceVersionDate "2023.10.10"]
[SourceQuality "1"]

1. c4 Nf6 2. e3 c5 3. g3 e6 4. Bg2 d5 5. b3 e5 6. cxd5 Nxd5 7. Ne2 g6 8. Bb2 Bg7 9. 0-0 0-0 10. e4 Nb4 11. Nbc3 Be6 12. a3 Nd3 13. Qc2 b6 14. Rad1 c4 15. b4 Nc6 16. Ba1 Rc8 17. Kh1 a6 18. h4 Qd7 19. Kh2 b5 20. Na2 f5 21. Nec3 Nd4 22. Qb1 f4 23. Nd5 Bxd5 24. exd5 f3 25. Bh3 Qxd5 26. Bxc8 Rxc8 27. Nc3 Qd8 28. Ne4 Qc7 29. Nc5 Nxc5 30. bxc5 Qxc5 31. Qe4 Rf8 32. Bb2 a5 33. Kg1 b4 34. axb4 axb4 35. Bxd4 Qxd4 36. Qc6 e4 37. Qe6+ Kh8 38. Rfe1 Be5 39. Qg4 c3 40. dxc3 Qxc3 41. Qxe4 Bg7 42. Rc1 Qd2 43. Rc2 Qd6 44. Rc6 Qd2 45. Rc2 Qd6 46. Qc4 Bc3 47. Rxc3 bxc3 48. Qxc3+ Kg8 49. Qb3+ Kg7 50. Qc3+ Kh6 51. Qe3+ Kg7 52. Qe7+ Qxe7 53. Rxe7+ Rf7 54. Rxf7+ Kxf7 55. g4 Kf6 56. Kh2 Ke5 57. Kg3 Ke4 58. g5 Kf5 59. Kxf3 Ke6 60. Kg4 Kf7 61. Kf4 Ke6 62. Ke4 Kf7 63. Ke5 Ke7 64. f4 Kf7 65. Kd6 Kg8 66. Ke6 Kg7 67. Ke7 Kg8 68. Kf6 Kh8 69. f5 gxf5 70. Kxf5 Kg7 71. h5 Kh8 72. Kf6 Kg8 73. h6 Kh8 74. g6 Kg8 75. gxh7+ Kxh7 76. Kg5 Kh8 77. Kg6 Kg8 1/2-1/2